Religion und Menschenbild
| Contributors: | |
|---|---|
| Format: | Print Book |
| Language: | German English |
| Subito Delivery Service: | Order now. |
| Check availability: | HBZ Gateway |
| WorldCat: | WorldCat |
| Interlibrary Loan: | Interlibrary Loan for the Fachinformationsdienste (Specialized Information Services in Germany) |
| Published: |
Münster
Ugarit-Verl.
2010
|
| In: |
Mitteilungen für Anthropologie und Religionsgeschichte (20)
Year: 2010 |
| Volumes / Articles: | Show volumes/articles. |
| Series/Journal: | Mitteilungen für Anthropologie und Religionsgeschichte
20 |
| Standardized Subjects / Keyword chains: | B
Human image
/ Religion
/ History
B Body / Anthropology / Religion / History |
| Further subjects: | B
Conference program 2007 (Münster, Westfalen)
|
| Online Access: |
Table of Contents |
MARC
| LEADER | 00000cam a2200000 c 4500 | ||
|---|---|---|---|
| 001 | 1610543947 | ||
| 003 | DE-627 | ||
| 005 | 20251225194051.0 | ||
| 007 | tu | ||
| 008 | 110518s2010 gw ||||| 00| ||ger c | ||
| 020 | |a 9783868350548 |9 978-3-86835-054-8 | ||
| 035 | |a (DE-627)1610543947 | ||
| 035 | |a (DE-576)344634205 | ||
| 035 | |a (DE-599)BSZ344634205 | ||
| 035 | |a (OCoLC)724913852 | ||
| 040 | |a DE-627 |b ger |c DE-627 |e rakwb | ||
| 041 | |a ger |a eng | ||
| 044 | |c XA-DE | ||
| 082 | 0 | |a 202.2 | |
| 084 | |a 1 |a 0 |2 ssgn | ||
| 245 | 0 | 0 | |a Religion und Menschenbild |c [hrsg. von Manfried Dietrich ...] |
| 264 | 1 | |a Münster |b Ugarit-Verl. |c 2010 | |
| 300 | |a VI, 268 S. |b Ill. | ||
| 336 | |a Text |b txt |2 rdacontent | ||
| 337 | |a ohne Hilfsmittel zu benutzen |b n |2 rdamedia | ||
| 338 | |a Band |b nc |2 rdacarrier | ||
| 490 | 1 | |a Mitteilungen für Anthropologie und Religionsgeschichte |v 20 | |
| 500 | |a Beitr. teilw. dt., teilw. engl. - Literaturangaben | ||
| 583 | 1 | |a Archivierung/Langzeitarchivierung gewährleistet |f SSG |x XA-DE-BW |2 pdager |5 DE-21 | |
| 655 | 7 | |a Konferenzschrift |y 2007 |z Münster, Westfalen |0 (DE-588)1071861417 |0 (DE-627)826484824 |0 (DE-576)433375485 |2 gnd-content | |
| 689 | 0 | 0 | |d s |0 (DE-588)4074722-0 |0 (DE-627)106088572 |0 (DE-576)209195061 |2 gnd |a Menschenbild |
| 689 | 0 | 1 | |d s |0 (DE-588)4049396-9 |0 (DE-627)106187155 |0 (DE-576)209081880 |2 gnd |a Religion |
| 689 | 0 | 2 | |q z |2 gnd |a Geschichte |
| 689 | 0 | |5 DE-101 | |
| 689 | 1 | 0 | |d s |0 (DE-588)4031575-7 |0 (DE-627)106264915 |0 (DE-576)208993282 |2 gnd |a Körper |
| 689 | 1 | 1 | |d s |0 (DE-588)4002230-4 |0 (DE-627)10639410X |0 (DE-576)208846212 |2 gnd |a Anthropologie |
| 689 | 1 | 2 | |d s |0 (DE-588)4049396-9 |0 (DE-627)106187155 |0 (DE-576)209081880 |2 gnd |a Religion |
| 689 | 1 | 3 | |q z |2 gnd |a Geschichte |
| 689 | 1 | |5 DE-101 | |
| 700 | 1 | |e Hrsg. |0 (DE-588)123930251 |0 (DE-627)085531081 |0 (DE-576)160736927 |4 edt |a Dietrich, Manfried |d 1935- | |
| 830 | 0 | |a Mitteilungen für Anthropologie und Religionsgeschichte |v 20 |9 20 |w (DE-627)131095862 |w (DE-576)032624301 |w (DE-600)1116588-1 |x 0939-9186 |7 am | |
| 856 | 4 | 2 | |u https://digitale-objekte.hbz-nrw.de/storage/2011/04/30/file_10/4145804.pdf |m B:DE-101 |q application/pdf |v 2025-07-00 |3 Inhaltsverzeichnis |7 1 |
| 935 | |a mteo | ||
| 951 | |a BO | ||
| ACO | |a 1 | ||
| BIB | |a 1 | ||
| ELC | |b 1 | ||
| ITA | |a 1 |t 1 | ||
| LOK | |0 000 xxxxxcx a22 zn 4500 | ||
| LOK | |0 001 315230398X | ||
| LOK | |0 003 DE-627 | ||
| LOK | |0 004 1610543947 | ||
| LOK | |0 005 20130211123356 | ||
| LOK | |0 008 110606||||||||||||||||ger||||||| | ||
| LOK | |0 040 |a DE-21 |c DE-627 |d DE-21 | ||
| LOK | |0 852 |a DE-21 | ||
| LOK | |0 852 1 |c ZA 3812-20.2010 |9 00 | ||
| LOK | |0 935 |a theo | ||
| LOK | |0 936ln |a t12 | ||
| LOK | |0 938 |a 1106 |f 2 | ||
| LOK | |0 939 |a 06-06-11 |b l01 | ||
| LOK | |0 000 xxxxxcx a22 zn 4500 | ||
| LOK | |0 001 3152304129 | ||
| LOK | |0 003 DE-627 | ||
| LOK | |0 004 1610543947 | ||
| LOK | |0 005 20110518125744 | ||
| LOK | |0 008 110518||||||||||||||||ger||||||| | ||
| LOK | |0 040 |a DE-21-31 |c DE-627 |d DE-21-31 | ||
| LOK | |0 541 |e 411/92 | ||
| LOK | |0 852 |a DE-21-31 | ||
| LOK | |0 852 1 |c Ca IV c 14-20 |m p |9 00 | ||
| LOK | |0 852 2 |b Magazin |9 00 | ||
| LOK | |0 938 |a 1105 |f E3 | ||
| LOK | |0 938 |k p | ||
| LOK | |0 939 |a 18-05-11 |b l01 | ||
| LOK | |0 000 xxxxxcx a22 zn 4500 | ||
| LOK | |0 001 3152304196 | ||
| LOK | |0 003 DE-627 | ||
| LOK | |0 004 1610543947 | ||
| LOK | |0 005 20160406113003 | ||
| LOK | |0 008 160404||||||||||||||||ger||||||| | ||
| LOK | |0 040 |a DE-Tue135 |c DE-627 |d DE-Tue135 | ||
| LOK | |0 092 |o n | ||
| LOK | |0 852 |a DE-Tue135 | ||
| LOK | |0 852 1 |9 00 | ||
| LOK | |0 935 |a ixst |a ixmi | ||
| LOK | |0 939 |a 04-04-16 |b l01 | ||
| ORI | |a SA-MARC-ixtheoa001.raw | ||
| REF | |a Religionsgeschichte | ||
| REL | |a 1 | ||
| SPR | |a 1 |t BIB |t IXT |t REL | ||
| STA | 0 | 0 | |a Anthropology,Body,Body,Human body in literature,Material body,Physical body,History,History,History in art,Human image,Image of man,Image of human being,Religion,Religion in literature,Religions,Religion |
| STB | 0 | 0 | |a Anthropologie,Corps,Corps,Corps,Histoire,Histoire,Histoire,Image de l’être humain,Religion,Religions,Religion |
| STC | 0 | 0 | |a Antropología,Cuerpo,Cuerpo,Cuerpo,Historia,Historia,Historia,Imagen del ser humano,Religión,Religión,Religión |
| STD | 0 | 0 | |a Antropologia,Corpo,Corpo,Corpo,Immagine dell'essere umano,Religione,Religione,Religione,Storia,Storia |
| STE | 0 | 0 | |a 人的形象,人类学,历史,史,宗教,宗教,物体,身体,身体,躯体,躯干,躯体,躯干 |
| STF | 0 | 0 | |a 人的形象,人類學,宗教,宗教,歷史,史,物體,身體,身體,軀體,軀干,軀體,軀干 |
| STG | 0 | 0 | |a Antropologia,Corpo,Corpo,Corpo,História,História,Imagem do ser humano,Religião,Religião |
| STH | 0 | 0 | |a Антропология,Изображение человека,История (мотив),История,Религия,Религия (мотив),Тело (физика),Тело (мотив),Тело |
| STI | 0 | 0 | |a Ανθρωπολογία,Εικόνα του ανθρώπου,Θρησκεία,Θρησκεία (μοτίβο),Ιστορία (μοτίβο),Ιστορία,Σώμα (φυσική),Σώμα (μοτίβο),Σώμα |
| SUB | |a BIB |a REL | ||
| SYG | 0 | 0 | |a Concept of man,Anthropomorphism,Idea of man , Religion,Mystik,Mythologie , History,Geschichtliche Epoche,Historical development,Historische Entwicklung,Landesgeschichte,Regionalgeschichte,Ortsgeschichte,Zeitgeschichte , Materieller Körper,Körperbild,Mensch,Menschlicher Körper,Corpus , Anthropology,Anthropometrie,Menschenkunde,Menschenkunde , Religion,Mystik,Mythologie , History,Geschichtliche Epoche,Historical development,Historische Entwicklung,Landesgeschichte,Regionalgeschichte,Ortsgeschichte,Zeitgeschichte |
| TIM | |a 100020070101_100020071231 |b 2007 - 2007 | ||



